[Event "Misiones op"]
[Site "Misiones"]
[Date "2023.07.08"]
[Round "1"]
[White "Ferreyra, Martin Jesus"]
[Black "Caceres, Elton Carlos"]
[Result "1-0"]
[WhiteElo "1263"]
[BlackElo "1808"]
[PlyCount "94"]
[EventDate "2023.07.08"]
[EventType "swiss"]
[EventRounds "6"]
[EventCountry "ARG"]
[SourceTitle "EXT 2024"]
[Source "ChessBase"]
[SourceDate "2023.10.10"]
[SourceVersion "1"]
[SourceVersionDate "2023.10.10"]
[SourceQuality "1"]

1. e4 d5 2. exd5 Qxd5 3. Nf3 Bg4 4. Be2 c6 5. c4 Qh5 6. d4 e6 7. h3 Nf6 8. 0-0 Bxf3 9. Bxf3 Qa5 10. Nc3 Be7 11. Re1 0-0 12. Qc2 Re8 13. Bd2 Qc7 14. Rad1 Nbd7 15. a3 Rad8 16. Qb3 b6 17. d5 Nc5 18. Qa2 cxd5 19. cxd5 exd5 20. Nxd5 Nxd5 21. Bxd5 Bf6 22. Rxe8+ Rxe8 23. Bf4 Qd7 24. Bb3 Qb7 25. Bd5 Qe7 26. Bd6 Qd7 27. Bxc5 bxc5 28. Qc4 Bd4 29. b4 Qf5 30. Bf3 Rc8 31. Qa6 Rc7 32. Qb5 Qc8 33. Re1 Kf8 34. Bg4 f5 35. Bxf5 Qd8 36. Bxh7 Re7 37. Rxe7 Qxe7 38. Qb8+ Kf7 39. Qf4+ Bf6 40. Qc4+ Qe6 41. Bg8+ Kxg8 42. Qxe6+ Kh7 43. bxc5 a5 44. c6 a4 45. c7 Kh6 46. Qf5 g6 47. Qxf6 Kh7 1-0

[Event "BRA-ch Amateur U1800"]
[Site "Sao Paulo"]
[Date "2018.06.03"]
[Round "7"]
[White "Andrade, Guilherme A de Sou"]
[Black "Caceres, Elton Carlos"]
[Result "1/2-1/2"]
[WhiteElo "1725"]
[BlackElo "1798"]
[PlyCount "153"]
[EventDate "2018.05.31"]
[EventType "swiss"]
[EventRounds "7"]
[EventCountry "BRA"]
[SourceTitle "EXT 2021"]
[Source "ChessBase"]
[SourceDate "2020.10.23"]
[SourceVersion "1"]
[SourceVersionDate "2020.10.23"]
[SourceQuality "1"]

1. d4 d5 2. c4 c6 3. cxd5 Qxd5 4. Nc3 Qa5 5. Bf4 Nf6 6. e3 Bg4 7. Qb3 Qb6 8. Bd3 e6 9. Nge2 Qxb3 10. axb3 a6 11. 0-0 Be7 12. h3 Bh5 13. Bh2 Bg6 14. Nf4 Bxd3 15. Nxd3 Nbd7 16. Rfc1 0-0 17. b4 Nb6 18. Nc5 Nbd5 19. Nxb7 Bxb4 20. Nc5 Nxc3 21. bxc3 Bxc5 22. dxc5 Rfd8 23. Bd6 Ne4 24. Rd1 Nxc3 25. Rd2 Ne4 26. Rda2 Nxd6 27. cxd6 Rxd6 28. Rxa6 Rxa6 29. Rxa6 Kf8 30. e4 e5 31. Kf1 Ke7 32. Ke2 c5 33. Ra5 Rc6 34. Kd3 Rd6+ 35. Ke3 Rc6 36. Kd3 Ke6 37. Kc4 Rd6 38. f3 Rd2 39. Ra6+ Ke7 40. g4 f6 41. Kxc5 Rd3 42. Ra7+ Ke8 43. h4 h6 44. g5 hxg5 45. hxg5 fxg5 46. Rb7 Rxf3 47. Kd5 g4 48. Kxe5 g3 49. Rb2 Rf2 50. Rb3 g2 51. Rg3 Kf7 52. Kd4 Ra2 53. Rg4 g6 54. Ke3 Kf6 55. Kf3 g5 56. Rxg2 Ra3+ 57. Kg4 Re3 58. Kh5 Rh3+ 59. Kg4 Rh4+ 60. Kf3 Kg6 61. Rg4 Rh3+ 62. Rg3 Rh1 63. Kg4 Rf1 64. Rf3 Re1 65. e5 Rxe5 66. Rb3 Re4+ 67. Kg3 Ra4 68. Rb8 Kg7 69. Rb6 Rf4 70. Ra6 Rf6 71. Ra4 Kg6 72. Kg4 Kh6 73. Rb4 Ra6 74. Rc4 Kg6 75. Rb4 Ra5 76. Rc4 Kf6 77. Rb4 1/2-1/2

[Event "BRA-ch Amateur U1800"]
[Site "Sao Paulo"]
[Date "2018.05.31"]
[Round "1"]
[White "Canonico, Rodrigo"]
[Black "Caceres, Elton Carlos"]
[Result "0-1"]
[WhiteElo "1658"]
[BlackElo "1798"]
[PlyCount "110"]
[EventDate "2018.05.31"]
[EventType "swiss"]
[EventRounds "7"]
[EventCountry "BRA"]
[SourceTitle "EXT 2021"]
[Source "ChessBase"]
[SourceDate "2020.10.23"]
[SourceVersion "1"]
[SourceVersionDate "2020.10.23"]
[SourceQuality "1"]

1. e4 d5 2. exd5 Nf6 3. d4 Nxd5 4. c4 Nf6 5. Nf3 c6 6. Nc3 Bg4 7. Be2 e6 8. Bg5 Be7 9. Qd2 Nbd7 10. 0-0 Qa5 11. Be3 Nb6 12. a3 Qh5 13. Ne5 Bxe2 14. Nxe2 Ng4 15. Nxg4 Qxg4 16. b3 0-0 17. Nf4 Rfd8 18. Nd3 Bf6 19. h3 Qh4 20. Nf4 Bxd4 21. Bxd4 c5 22. Qe2 Rxd4 23. Nd3 Qe7 24. Ne5 Rad8 25. Nf3 Rd3 26. Rab1 f6 27. Qe4 Nc8 28. Rfe1 e5 29. Nh4 g6 30. Nf3 b6 31. h4 Qf7 32. Kh2 Ne7 33. Re3 R3d7 34. g3 Nf5 35. Ree1 Nd4 36. Kg2 Nxf3 37. Qxf3 Rd3 38. Qe4 R8d4 39. Qc6 Qd7 40. Qxf6 e4 41. h5 Rf3 42. Qe5 Rf5 43. Qb8+ Rf8 44. Qe5 Qf7 45. Re2 Qf3+ 46. Kh3 Qxe2 47. Qe6+ Rf7 48. Qe8+ Rf8 49. Qe6+ Kg7 50. Qe7+ Kg8 51. Qe6+ Rf7 52. Qe8+ Kg7 53. Qe5+ Kh6 54. g4 Rd3+ 55. Kg2 Qxf2+ 0-1

[Event "BRA-ch Amateur U1800"]
[Site "Sao Paulo"]
[Date "2017.10.12"]
[Round "2"]
[White "Yokomizo, Wilton"]
[Black "Caceres, Elton Carlos"]
[Result "0-1"]
[WhiteElo "1418"]
[BlackElo "1798"]
[PlyCount "56"]
[EventDate "2017.10.12"]
[EventType "swiss"]
[EventRounds "7"]
[EventCountry "BRA"]
[SourceTitle "EXT 2019"]
[Source "ChessBase"]
[SourceDate "2018.10.10"]
[SourceVersion "1"]
[SourceVersionDate "2018.10.10"]
[SourceQuality "1"]

1. e4 c5 2. Nf3 Nc6 3. c3 g6 4. d4 cxd4 5. cxd4 Bg7 6. Bc4 e6 7. 0-0 Nge7 8. Nc3 0-0 9. Bf4 Na5 10. Bb3 d5 11. Qd2 dxe4 12. Nxe4 Nxb3 13. axb3 Nd5 14. Bh6 b6 15. Bxg7 Kxg7 16. Rfe1 Bb7 17. Ne5 a5 18. Ng4 Qh4 19. Qe2 Ba6 20. g3 Bxe2 21. gxh4 Bxg4 22. Kg2 Bf5 23. Ng3 Nf4+ 24. Kf3 Nd3 25. Rg1 Kf6 26. h5 Rfd8 27. Rad1 Rxd4 28. Ne2 Rb4 0-1

[Event "Sao Paulo Salles Cup 11th"]
[Site "Sao Paulo"]
[Date "2017.03.24"]
[Round "1"]
[White "Ferreira, Caio Tulio Moreira"]
[Black "Caceres, Elton Carlos"]
[Result "1-0"]
[WhiteElo "1466"]
[BlackElo "1816"]
[PlyCount "25"]
[EventDate "2017.03.24"]
[EventType "swiss (blitz)"]
[EventRounds "6"]
[EventCountry "BRA"]
[SourceTitle "CBM 177 Extra"]
[Source "ChessBase"]
[SourceDate "2017.04.27"]
[SourceVersion "1"]
[SourceVersionDate "2017.04.27"]
[SourceQuality "1"]

1. e4 d5 2. exd5 Nf6 3. d4 Nxd5 4. c4 Nf6 5. Nc3 Bf5 6. Nf3 c6 7. Bd3 Bg4 8. 0-0 e6 9. Be2 Nbd7 10. Ne5 Bf5 11. Bg5 Be7 12. Bh5 h6 13. Bxf6 1-0

[Event "Sao Paulo Schutt Cup 10th"]
[Site "Sao Paulo"]
[Date "2016.10.30"]
[Round "6"]
[White "De Castro, Andre Goncalves"]
[Black "Caceres, Elton Carlos"]
[Result "1-0"]
[WhiteElo "1744"]
[BlackElo "1852"]
[PlyCount "169"]
[EventDate "2016.10.28"]
[EventType "swiss"]
[EventRounds "6"]
[EventCountry "BRA"]
[SourceTitle "CBM 175 Extra"]
[Source "ChessBase"]
[SourceDate "2016.12.12"]
[SourceVersion "1"]
[SourceVersionDate "2016.12.12"]
[SourceQuality "1"]

1. e4 d5 2. exd5 Nf6 3. Bb5+ Bd7 4. Be2 Bf5 5. Nf3 Nxd5 6. a3 e6 7. d4 c6 8. c4 Nf6 9. Bf4 Bd6 10. Bxd6 Qxd6 11. Nc3 Nbd7 12. c5 Qc7 13. 0-0 0-0 14. b4 Rad8 15. Qb3 Ne4 16. Rad1 a6 17. Rfe1 Nxc3 18. Qxc3 h6 19. Bd3 Bg4 20. Bc2 Nf6 21. h3 Nd5 22. Qd3 Bf5 23. Qd2 Bxc2 24. Qxc2 Rfe8 25. Nd2 e5 26. dxe5 Rxe5 27. Nc4 Rg5 28. Qe4 Qd7 29. Rd3 Rg6 30. Ne5 Re6 31. Nxd7 Rxe4 32. Nf6+ gxf6 33. Rxe4 f5 34. Rf4 Kg7 35. Rxf5 Kg6 36. Re5 f6 37. Re7 Rb8 38. Rg3+ Kf5 39. Rh7 Nf4 40. Rf3 Kg6 41. Rxf4 Kxh7 42. Rxf6 Kg7 43. Rd6 h5 44. Kh2 a5 45. bxa5 Ra8 46. Rd7+ Kf6 47. Rxb7 Rxa5 48. Rc7 Rxc5 49. Kg3 Ke6 50. Kh4 Kd6 51. Ra7 Rd5 52. g4 hxg4 53. hxg4 c5 54. g5 Rf5 55. Ra6+ Ke7 56. Rc6 Rxf2 57. Rxc5 Ra2 58. Rf5 Rxa3 59. Kh5 Ra6 60. g6 Ra1 61. Kh6 Rh1+ 62. Rh5 Rg1 63. Kh7 Kf6 64. Rh2 Rg3 65. Rf2+ Ke6 66. g7 Rh3+ 67. Kg8 Ke7 68. Rf7+ Ke8 69. Rf6 Ke7 70. Rf4 Rh1 71. Re4+ Kd7 72. Kf7 Rf1+ 73. Kg6 Rg1+ 74. Kf6 Kd6 75. Rf4 Rg2 76. Kf7 Ke5 77. Rf1 Ra2 78. g8Q Ra7+ 79. Kg6 Ra6+ 80. Kg5 Ra3 81. Qe8+ Kd4 82. Rd1+ Kc4 83. Qc8+ Kb3 84. Rb1+ Ka2 85. Qc2# 1-0

[Event "Sao Paulo Schutt Cup 10th"]
[Site "Sao Paulo"]
[Date "2016.10.29"]
[Round "3"]
[White "Caceres, Elton Carlos"]
[Black "Cordeiro da Silva, Felipe"]
[Result "0-1"]
[WhiteElo "1852"]
[BlackElo "1767"]
[PlyCount "99"]
[EventDate "2016.10.28"]
[EventType "swiss"]
[EventRounds "6"]
[EventCountry "BRA"]
[SourceTitle "CBM 175 Extra"]
[Source "ChessBase"]
[SourceDate "2016.12.12"]
[SourceVersion "1"]
[SourceVersionDate "2016.12.12"]
[SourceQuality "1"]

1. e4 c5 2. Nf3 Nc6 3. d4 cxd4 4. Nxd4 Nf6 5. Nxc6 bxc6 6. Bd3 e5 7. 0-0 Bc5 8. Bg5 0-0 9. Qf3 d6 10. h3 Be6 11. Nd2 a5 12. b3 d5 13. Rad1 h6 14. Bxf6 Qxf6 15. exd5 cxd5 16. Qxf6 gxf6 17. c4 d4 18. f4 Kg7 19. Be4 Rad8 20. f5 Bc8 21. Bd5 Rd7 22. Ne4 Be7 23. Rd3 Kh7 24. g4 Kg7 25. Rc1 Ba3 26. Rc2 Ba6 27. Rd1 Rc8 28. Rg2 Rxd5 29. cxd5 Bb7 30. Ng3 Bxd5 31. Nh5+ Kf8 32. Rgd2 Ke7 33. Kf2 Rc3 34. Rd3 Be4 35. R3d2 Rxh3 36. Rg1 Rh2+ 37. Ke1 Bb4 38. Ng3 Bxd2+ 39. Kd1 Bf3+ 40. Kc2 Be3+ 41. Kd3 Bxg1 42. Kc4 Rxa2 43. Kc5 d3+ 44. Kb5 d2 45. g5 d1Q 46. gxf6+ Kf8 47. Ne4 Qxb3+ 48. Kc6 Bxe4+ 49. Kd7 Rd2+ 50. Kc8 0-1

[Event "Sao Paulo CC Fox op"]
[Site "Sao Paulo"]
[Date "2016.10.08"]
[Round "3"]
[White "Nunes, Bruno Rossa"]
[Black "Caceres, Elton Carlos"]
[Result "0-1"]
[WhiteElo "1398"]
[BlackElo "1852"]
[PlyCount "108"]
[EventDate "2016.10.07"]
[EventType "swiss"]
[EventRounds "6"]
[EventCountry "BRA"]
[SourceTitle "EXT 2018"]
[Source "ChessBase"]
[SourceDate "2017.10.13"]
[SourceVersion "1"]
[SourceVersionDate "2017.10.13"]
[SourceQuality "1"]

1. e4 d5 2. exd5 Nf6 3. d4 Nxd5 4. Nf3 c6 5. c4 Nf6 6. Nc3 Bf5 7. Be2 e6 8. 0-0 Bd6 9. Bg5 h6 10. Bh4 Nbd7 11. a3 g5 12. Bg3 Bxg3 13. fxg3 Qb6 14. b4 Rd8 15. Kh1 0-0 16. d5 Ng4 17. Qd4 c5 18. bxc5 Qxc5 19. Qxc5 Nxc5 20. Nd4 Ne3 21. Rf3 Nc2 22. Nxc2 Bxc2 23. Raf1 Kg7 24. Rf6 Bf5 25. R6xf5 exf5 26. Rxf5 Rfe8 27. h3 Re3 28. Rf3 Rde8 29. Bf1 Rxf3 30. gxf3 Re3 31. Nb5 a6 32. Nd4 Rxa3 33. h4 gxh4 34. Bh3 hxg3 35. Kg2 Rd3 36. Nf5+ Kf6 37. Kxg3 Ne4+ 38. Kf4 Ng5 39. Bg4 a5 40. d6 a4 41. Nxh6 Ne6+ 42. Bxe6 Kxe6 43. c5 a3 44. Ke4 Rd1 45. f4 a2 46. f5+ Kf6 47. Ng4+ Kg5 48. Ne5 f6 49. Nf7+ Kg4 50. Ne5+ fxe5 51. Kxe5 a1Q+ 52. Ke6 Re1+ 53. Kf7 Kxf5 54. c6 Qf6+ 0-1

[Event "BRA-ch Amateur U2000"]
[Site "Sao Paulo"]
[Date "2016.05.27"]
[Round "4"]
[White "Caceres, Elton Carlos"]
[Black "Lunelli, Neuri Antonio"]
[Result "1-0"]
[WhiteElo "1854"]
[BlackElo "1800"]
[PlyCount "141"]
[EventDate "2016.05.26"]
[EventType "swiss"]
[EventRounds "7"]
[EventCountry "BRA"]
[SourceTitle "EXT 2019"]
[Source "ChessBase"]
[SourceDate "2018.10.10"]
[SourceVersion "1"]
[SourceVersionDate "2018.10.10"]
[SourceQuality "1"]

1. d4 Nf6 2. Nf3 g6 3. h3 Bg7 4. Bf4 d6 5. e3 Nbd7 6. Be2 0-0 7. Nbd2 b6 8. a4 Bb7 9. a5 a6 10. c3 b5 11. 0-0 c5 12. Bh2 Rc8 13. Re1 Re8 14. Bf1 e5 15. dxe5 dxe5 16. Qb3 c4 17. Bxc4 Rxc4 18. Nxc4 Bd5 19. Nfd2 Qc7 20. Qc2 Bxc4 21. Nxc4 Qxc4 22. Red1 Nc5 23. Rd6 Rc8 24. Rad1 Ne8 25. Rb6 f6 26. f3 Bh6 27. e4 Nb3 28. Rxa6 Nd4 29. Qd3 Ne2+ 30. Kf1 Nc1 31. Qxc4+ bxc4 32. Rb6 Be3 33. Rb7 Nb3 34. Rd5 Nc7 35. Rd7 Ne6 36. Re7 Nf8 37. Rg7+ Kh8 38. a6 Nc5 39. Rbc7 Ra8 40. Ra7 Rb8 41. Bg1 Bxg1 42. Kxg1 Rb6 43. Rgc7 Rxa6 44. Rxa6 Nxa6 45. Rxc4 Ne6 46. Rc6 Nac7 47. b4 Kg8 48. b5 Kf7 49. b6 Na6 50. b7 Nb8 51. Rc8 Nd7 52. b8Q Nxb8 53. Rxb8 h5 54. Rb7+ Ke8 55. g3 h4 56. gxh4 Nf4 57. Kh2 Ne2 58. c4 Nd4 59. Kg2 Ne6 60. Kg3 Nf4 61. c5 Ne2+ 62. Kg4 Nd4 63. Rg7 f5+ 64. exf5 gxf5+ 65. Kg3 Ne6 66. Rg5 Nd4 67. c6 Kd8 68. h5 Ne2+ 69. Kf2 Nf4 70. Rxf5 Nxh3+ 71. Kg2 1-0

[Event "Porto Alegre IRT 50"]
[Site "Porto Alegre"]
[Date "2016.05.08"]
[Round "4"]
[White "Caceres, Elton Carlos"]
[Black "Fabris, Mario Henrique"]
[Result "0-1"]
[WhiteElo "1854"]
[BlackElo "1999"]
[PlyCount "76"]
[EventDate "2016.05.06"]
[EventType "swiss"]
[EventRounds "5"]
[EventCountry "BRA"]
[SourceTitle "CBM 172 Extra"]
[Source "ChessBase"]
[SourceDate "2016.06.21"]
[SourceVersion "1"]
[SourceVersionDate "2016.06.21"]
[SourceQuality "1"]

1. d4 e6 2. Nf3 d5 3. Bf4 Nf6 4. h3 c5 5. e3 Bd6 6. Bb5+ Nc6 7. Bxd6 Qxd6 8. Ne5 0-0 9. Bxc6 bxc6 10. 0-0 a5 11. c3 Ba6 12. Re1 Rfb8 13. Qc2 Rb6 14. Nd2 Qb8 15. Rab1 c4 16. g4 Qd6 17. b3 cxb3 18. Nxb3 Bc8 19. Nc5 Rxb1 20. Rxb1 Nd7 21. Nexd7 Bxd7 22. Rb6 Be8 23. Qb1 e5 24. f3 exd4 25. cxd4 Qg3+ 26. Kh1 Qxh3+ 27. Kg1 Qg3+ 28. Kh1 Qxf3+ 29. Kh2 Qxe3 30. Qb2 h5 31. gxh5 f6 32. Rb3 Qf4+ 33. Rg3 Rb8 34. Qe2 Bf7 35. Qe7 Rb2+ 36. Kh3 Qf5+ 37. Rg4 Qxh5+ 38. Rh4 Qf3# 0-1

[Event "Porto Alegre IRT 50"]
[Site "Porto Alegre"]
[Date "2016.05.06"]
[Round "1"]
[White "Caceres, Elton Carlos"]
[Black "Bidigaray, Marcio"]
[Result "1-0"]
[WhiteElo "1854"]
[BlackElo "1651"]
[PlyCount "107"]
[EventDate "2016.05.06"]
[EventType "swiss"]
[EventRounds "5"]
[EventCountry "BRA"]
[SourceTitle "CBM 172 Extra"]
[Source "ChessBase"]
[SourceDate "2016.06.21"]
[SourceVersion "1"]
[SourceVersionDate "2016.06.21"]
[SourceQuality "1"]

1. d4 c5 2. Nf3 b5 3. Bf4 Qa5+ 4. c3 Nf6 5. dxc5 b4 6. Bd2 Nc6 7. cxb4 Nxb4 8. a3 Rb8 9. Qb3 Qxc5 10. axb4 Qb6 11. e3 a5 12. Ne5 e6 13. Nc4 Qc7 14. b5 Bb7 15. Bxa5 Qc5 16. Nba3 Ne4 17. f3 Ng5 18. Bb6 Qf5 19. Bd3 Qf6 20. Bd4 Qd8 21. h4 d5 22. Nd2 e5 23. Bxe5 Ne6 24. Bxb8 Qxb8 25. b6 Nc5 26. Bb5+ Kd8 27. Qc2 Qg3+ 28. Kf1 Be7 29. Rh3 Qe5 30. Qc3 Qd6 31. Qxg7 Bf6 32. Qg3 Qxb6 33. Rd1 Ke7 34. b4 Ne6 35. Ndc4 dxc4 36. Rd7+ Kf8 37. Qb8+ Kg7 38. Qxb7 Qxe3 39. Rxf7+ Kg6 40. Rg3+ Bg5 41. hxg5 Qc1+ 42. Kf2 Qd2+ 43. Kg1 Qc1+ 44. Kh2 Rf8 45. Rf6+ Rxf6 46. gxf6+ Kxf6 47. Qxh7 Qxa3 48. Bxc4 Qe3 49. Rg6+ Kf5 50. Rxe6+ Kf4 51. Qf7+ Kg5 52. Rg6+ Kh5 53. Qh7+ Qh6 54. Qxh6# 1-0

[Event "Sao Paulo Hebraica op 19th"]
[Site "Sao Paulo"]
[Date "2015.01.10"]
[Round "3"]
[White "Caceres, Elton Carlos"]
[Black "Silva, Sediney Mari"]
[Result "1/2-1/2"]
[WhiteElo "1852"]
[BlackElo "1777"]
[PlyCount "41"]
[EventDate "2015.01.08"]
[EventType "swiss"]
[EventRounds "6"]
[EventCountry "BRA"]
[SourceTitle "CBM 164 Extra"]
[Source "ChessBase"]
[SourceDate "2015.03.02"]
[SourceVersion "1"]
[SourceVersionDate "2015.03.02"]
[SourceQuality "1"]

1. d4 d5 2. Nf3 Nc6 3. Bf4 Nf6 4. h3 h6 5. e3 e6 6. c4 Be7 7. Nc3 a6 8. Bd3 0-0 9. a3 Bd6 10. Bxd6 cxd6 11. cxd5 exd5 12. Qc2 Re8 13. 0-0 Ne7 14. Rac1 Be6 15. Ne2 Qd7 16. Nf4 Rac8 17. Qb3 Rxc1 18. Rxc1 Rc8 19. Rd1 Rc7 20. Qb6 Qc6 21. Qa5 1/2-1/2

[Event "Foz do Iguacu op 2nd"]
[Site "Foz do Iguacu"]
[Date "2014.12.12"]
[Round "1"]
[White "Farhat, Hassan Abdallah"]
[Black "Caceres, Elton Carlos"]
[Result "0-1"]
[WhiteElo "1722"]
[BlackElo "1857"]
[PlyCount "46"]
[EventDate "2014.12.12"]
[EventType "swiss"]
[EventRounds "6"]
[EventCountry "BRA"]
[SourceTitle "EXT 2016"]
[Source "ChessBase"]
[SourceDate "2015.10.08"]
[SourceVersion "1"]
[SourceVersionDate "2015.10.08"]
[SourceQuality "1"]

1. d4 d5 2. c4 c6 3. Nc3 Nf6 4. Nf3 Bg4 5. e3 e6 6. cxd5 exd5 7. Bd3 Bd6 8. h3 Bh5 9. b3 Bb4 10. Bd2 Nbd7 11. e4 Bxc3 12. Bxc3 dxe4 13. Qe2 0-0 14. Bb4 Re8 15. 0-0 exf3 16. Qd2 fxg2 17. Kxg2 Nd5 18. Ba3 Qf6 19. Rfe1 Qf3+ 20. Kf1 Qxh3+ 21. Kg1 Bf3 22. Rxe8+ Rxe8 23. Bf1 Qh1# 0-1

[Event "Sao Paulo Hebraica op 17th"]
[Site "Sao Paulo"]
[Date "2014.01.11"]
[Round "3"]
[White "Caceres, Elton Carlos"]
[Black "Deus Filho, Joaquim"]
[Result "0-1"]
[WhiteElo "1856"]
[BlackElo "2012"]
[PlyCount "84"]
[EventDate "2014.01.09"]
[EventType "swiss"]
[EventRounds "6"]
[EventCountry "BRA"]
[SourceTitle "CBM 158 Extra"]
[Source "ChessBase"]
[SourceDate "2014.02.28"]
[SourceVersion "1"]
[SourceVersionDate "2014.02.28"]
[SourceQuality "1"]

1. d4 Nf6 2. c4 e6 3. a3 b6 4. Nc3 Bb7 5. f3 d5 6. Bg5 Be7 7. e4 dxe4 8. fxe4 Nxe4 9. Bxe7 Qxe7 10. Nf3 Nd7 11. Nxe4 Bxe4 12. Bd3 Bxd3 13. Qxd3 0-0 14. 0-0 Rfd8 15. Rad1 h6 16. Qc3 Nf6 17. Ne5 Rd6 18. Qf3 Rf8 19. Nc6 Qd7 20. Nxa7 Rxd4 21. Nb5 Rxd1 22. Rxd1 Qe7 23. Qc6 Rd8 24. Rxd8+ Qxd8 25. h3 Ne8 26. Kh2 Kf8 27. b4 Qf6 28. Kg1 Qa1+ 29. Kh2 Qe5+ 30. Kg1 h5 31. c5 Qe3+ 32. Kh1 h4 33. cxb6 cxb6 34. Qc4 g5 35. a4 Nf6 36. Qc3 Qf2 37. Qc8+ Kg7 38. Qc3 Kg8 39. Qd4 Qe1+ 40. Kh2 Ne4 41. Qxb6 Nf2 42. Qd8+ Kh7 0-1

[Event "Foz do Iguacu op 1st"]
[Site "Foz do Iguacu"]
[Date "2013.12.15"]
[Round "7"]
[White "Caceres, Elton Carlos"]
[Black "Zimmermann, Andressa"]
[Result "1-0"]
[WhiteElo "1877"]
[BlackElo "1741"]
[PlyCount "95"]
[EventDate "2013.12.12"]
[EventType "swiss"]
[EventRounds "7"]
[EventCountry "BRA"]
[SourceTitle "CBM 158 Extra"]
[Source "ChessBase"]
[SourceDate "2014.02.28"]
[SourceVersion "1"]
[SourceVersionDate "2014.02.28"]
[SourceQuality "1"]

1. e4 e5 2. Nf3 Nc6 3. Bb5 Bc5 4. 0-0 Nd4 5. Nxd4 Bxd4 6. c3 Bb6 7. d4 c6 8. Ba4 exd4 9. cxd4 Qh4 10. Nc3 Ne7 11. g3 Qf6 12. e5 Qe6 13. Bb3 Qg6 14. Be3 0-0 15. Bc2 Qe6 16. Ne4 h6 17. Nd6 Nd5 18. Qd3 Qg6 19. Qxg6 fxg6 20. Bb3 Kh7 21. Bxd5 cxd5 22. Rac1 Ba5 23. a3 b5 24. b4 Bb6 25. Nxb5 Ba6 26. Nc7 Bxc7 27. Rxc7 Bxf1 28. Kxf1 a5 29. Bd2 axb4 30. Bxb4 Rfc8 31. Rxd7 Rd8 32. Rf7 Ra6 33. Rb7 g5 34. g4 Kg6 35. Kg2 Kh7 36. Kg3 Kg6 37. h4 Rc6 38. f4 gxf4+ 39. Kxf4 Rdc8 40. Rd7 Rc1 41. h5+ Kh7 42. e6 Re8 43. e7 Rcc8 44. Ke5 Kg8 45. Ke6 Ra8 46. Rxd5 Ra6+ 47. Bd6 Raa8 48. Rf5 1-0

[Event "Foz do Iguacu op 1st"]
[Site "Foz do Iguacu"]
[Date "2013.12.13"]
[Round "3"]
[White "Caceres, Elton Carlos"]
[Black "Mazaron, Amanda de Oliveira"]
[Result "1-0"]
[WhiteElo "1877"]
[BlackElo "1739"]
[PlyCount "79"]
[EventDate "2013.12.12"]
[EventType "swiss"]
[EventRounds "7"]
[EventCountry "BRA"]
[SourceTitle "CBM 158 Extra"]
[Source "ChessBase"]
[SourceDate "2014.02.28"]
[SourceVersion "1"]
[SourceVersionDate "2014.02.28"]
[SourceQuality "1"]

1. e4 e5 2. Nf3 Nc6 3. d4 f6 4. Bb5 a6 5. Bxc6 dxc6 6. Nxe5 fxe5 7. Qh5+ g6 8. Qxe5+ Qe7 9. Qxh8 Qxe4+ 10. Be3 Qxg2 11. Rf1 Bh3 12. Nd2 Qxh2 13. Qxg8 Rd8 14. Qxh7 Rd6 15. Qxc7 Bg4 16. Ne4 Qh5 17. Qxd6 Qf5 18. Qb8+ Ke7 19. Qxb7+ Kd8 20. Qxc6 Qf3 21. Qf6+ Be7 22. Qxf3 Bxf3 23. Nd2 Bh5 24. f3 Bh4+ 25. Ke2 g5 26. Rh1 Be8 27. Rxh4 gxh4 28. Rh1 Bb5+ 29. c4 Bd7 30. Rxh4 a5 31. Rh8+ Be8 32. Ne4 Ke7 33. Bg5+ Kf7 34. Nd6+ Kg7 35. Rxe8 Kg6 36. f4 Kh5 37. Kf3 a4 38. Rg8 a3 39. Ne4 axb2 40. Nf6# 1-0

[Event "Sao Paulo Braga Memorial 2nd"]
[Site "Sao Paulo"]
[Date "2013.07.12"]
[Round "8"]
[White "Batista, Renato Luiz"]
[Black "Caceres, Elton Carlos"]
[Result "1-0"]
[WhiteElo "2120"]
[BlackElo "1885"]
[PlyCount "135"]
[EventDate "2013.07.05"]
[EventType "swiss"]
[EventRounds "9"]
[EventCountry "BRA"]
[SourceTitle "CBM 155 Extra"]
[Source "ChessBase"]
[SourceDate "2013.08.26"]
[SourceVersion "1"]
[SourceVersionDate "2013.08.26"]
[SourceQuality "1"]

1. d4 d5 2. c4 c6 3. Nc3 Nf6 4. Nf3 Bg4 5. Ne5 Bh5 6. g3 e6 7. Bg2 Nbd7 8. f4 Bb4 9. 0-0 dxc4 10. Nxc4 0-0 11. a3 Be7 12. h3 Bg6 13. e4 h6 14. g4 Nb6 15. Nxb6 Qxb6 16. b4 Nd7 17. f5 exf5 18. gxf5 Bh7 19. Be3 Qd8 20. e5 Bg5 21. Qe2 Kh8 22. Ne4 Be7 23. Qh5 f6 24. e6 Nb6 25. Nc5 Bxc5 26. dxc5 Nd5 27. Qe2 Qe7 28. Bf4 Bxf5 29. Bxd5 cxd5 30. Bd6 Qxe6 31. Qxe6 Bxe6 32. Bxf8 Rxf8 33. Rfe1 Bxh3 34. Re7 Bc8 35. Rae1 d4 36. R1e4 d3 37. Rd4 Bf5 38. Rxb7 Re8 39. Rxa7 Re2 40. Ra8+ Kh7 41. Rad8 g5 42. c6 h5 43. c7 h4 44. R4d7+ Bxd7 45. Rxd7+ Kg6 46. c8Q h3 47. Rxd3 Rg2+ 48. Kh1 g4 49. Qg8+ Kf5 50. Qd5+ Kf4 51. Qxg2 hxg2+ 52. Kxg2 f5 53. b5 Ke4 54. Rd8 f4 55. b6 f3+ 56. Kg3 Ke3 57. b7 f2 58. Re8+ Kd2 59. Kxf2 g3+ 60. Kxg3 Kd3 61. b8Q Kc2 62. Rc8+ Kd3 63. Qd6+ Ke4 64. Re8+ Kf5 65. Qf4+ Kg6 66. Rg8+ Kh7 67. Qf7+ Kh6 68. Qg6# 1-0

[Event "Sao Bernardo do Campo op"]
[Site "Sao Bernardo do Campo"]
[Date "2013.05.25"]
[Round "4"]
[White "Caceres, Elton Carlos"]
[Black "De Carvalho, Rafael Cunha"]
[Result "0-1"]
[WhiteElo "1887"]
[BlackElo "2033"]
[PlyCount "82"]
[EventDate "2013.05.24"]
[EventType "swiss"]
[EventRounds "6"]
[EventCountry "BRA"]
[SourceTitle "CBM 154 Extra"]
[Source "ChessBase"]
[SourceDate "2013.06.25"]
[SourceVersion "2"]
[SourceVersionDate "2013.06.25"]
[SourceQuality "1"]

1. d4 Nf6 2. Nf3 g6 3. c4 Bg7 4. Nc3 d5 5. e3 0-0 6. Qb3 dxc4 7. Bxc4 Nc6 8. Be2 Na5 9. Qc2 c5 10. dxc5 Nc6 11. 0-0 Qa5 12. Bb5 Qb4 13. Bxc6 bxc6 14. Na4 Bf5 15. Qc3 Qxc3 16. Nxc3 Ne4 17. Nd4 Bd7 18. f3 e5 19. Nc2 Ng5 20. e4 Ne6 21. Rd1 Rfd8 22. Be3 Be8 23. Kf2 f5 24. Ke2 fxe4 25. fxe4 g5 26. Rd6 Rxd6 27. cxd6 Rd8 28. Rd1 Bh5+ 29. Ke1 Bxd1 30. Kxd1 Rxd6+ 31. Ke2 g4 32. Bxa7 Nf4+ 33. Ke1 Nxg2+ 34. Ke2 Bh6 35. Nb4 Rd2+ 36. Kf1 Be3 37. Nxc6 Bxa7 38. Nxa7 Ne3+ 39. Kg1 Rg2+ 40. Kh1 Rf2 41. h3 g3 0-1

[Event "Sao Bernardo do Campo op"]
[Site "Sao Bernardo do Campo"]
[Date "2013.05.24"]
[Round "1"]
[White "Caceres, Elton Carlos"]
[Black "Aranha Filho, Alvaro Zimmermann"]
[Result "0-1"]
[WhiteElo "1887"]
[BlackElo "2289"]
[PlyCount "112"]
[EventDate "2013.05.24"]
[EventType "swiss"]
[EventRounds "6"]
[EventCountry "BRA"]
[SourceTitle "CBM 154 Extra"]
[Source "ChessBase"]
[SourceDate "2013.06.25"]
[SourceVersion "2"]
[SourceVersionDate "2013.06.25"]
[SourceQuality "1"]

1. e4 c5 2. g3 d5 3. exd5 Qxd5 4. Qf3 Qe5+ 5. Qe2 Qd5 6. Qf3 Qxf3 7. Nxf3 Nc6 8. c3 e5 9. d3 Bg4 10. Bg2 0-0-0 11. Ke2 c4 12. Rd1 cxd3+ 13. Rxd3 e4 14. Rxd8+ Kxd8 15. Be3 exf3+ 16. Bxf3 Bxf3+ 17. Kxf3 Nf6 18. Nd2 Nd5 19. Rf1 Nxe3 20. fxe3 f5 21. Ke2 g6 22. Nc4 b5 23. Nd2 Bc5 24. Nf3 Re8 25. Rd1+ Kc7 26. Nd4 Bxd4 27. cxd4 Kd6 28. a3 Na5 29. Rd3 Nc4 30. Kf2 a6 31. b3 Nb6 32. Kf3 Nd5 33. h3 h5 34. Kg2 a5 35. Kf3 a4 36. b4 g5 37. g4 hxg4+ 38. hxg4 fxg4+ 39. Kxg4 Rxe3 40. Rd1 Rxa3 41. Rh1 Nxb4 42. Rh8 Nc6 43. Kxg5 b4 44. Kf4 b3 45. Rh1 b2 46. Rb1 Rb3 47. Ke4 a3 48. Rh1 b1Q+ 49. Rxb1 Rxb1 50. d5 Ne5 51. Kd4 a2 52. Ke3 a1Q 53. Ke4 Re1+ 54. Kf4 Qa4+ 55. Kg3 Qg4+ 56. Kh2 Nf3# 0-1